[Event "2020 Australian Chess Championship"]
[Site "Sydney, Australia"]
[Date "2020.01.07"]
[Round "6.1"]
[White "Wallis, Christopher"]
[Black "Kuybokarov, Temur"]
[Result "1-0"]
[WhiteElo "2322"]
[BlackElo "2523"]

1. e4 {[%clk 01:30:57]} {[%emt 00:00:03]} e5 {[%clk 01:29:17]} {[%emt
00:01:43]} 2. Nf3 {[%clk 01:31:15]} {[%emt 00:00:12]} Nc6 {[%clk 01:29:35]}
{[%emt 00:00:12]} 3. Bb5 {[%clk 01:31:34]} {[%emt 00:00:11]} a6 {[%clk
01:29:52]} {[%emt 00:00:13]} 4. Ba4 {[%clk 01:31:46]} {[%emt 00:00:17]} Nge7
{[%clk 01:28:43]} {[%emt 00:01:37]} 5. O-O {[%clk 01:30:13]} {[%emt 00:02:06]}
g6 {[%clk 01:28:31]} {[%emt 00:00:42]} 6. c3 {[%clk 01:27:39]} {[%emt
00:03:03]} Bg7 {[%clk 01:28:38]} {[%emt 00:00:22]} 7. d4 {[%clk 01:27:19]}
{[%emt 00:00:51]} exd4 {[%clk 01:28:24]} {[%emt 00:00:45]} 8. cxd4 {[%clk
01:27:41]} {[%emt 00:00:07]} b5 {[%clk 01:28:43]} {[%emt 00:00:10]} 9. Bb3
{[%clk 01:28:02]} {[%emt 00:00:09]} d6 {[%clk 01:27:45]} {[%emt 00:01:29]} 10.
h3 {[%clk 01:27:43]} {[%emt 00:00:49]} O-O {[%clk 01:27:52]} {[%emt 00:00:23]}
11. Nc3 {[%clk 01:26:54]} {[%emt 00:01:19]} Na5 {[%clk 01:27:42]} {[%emt
00:00:38]} 12. Bc2 {[%clk 01:27:17]} {[%emt 00:00:08]} c5 {[%clk 01:27:55]}
{[%emt 00:00:18]} 13. dxc5 {[%clk 01:24:00]} {[%emt 00:03:48]} dxc5 {[%clk
01:28:09]} {[%emt 00:00:14]} 14. Bg5 {[%clk 01:24:09]} {[%emt 00:00:22]} Nac6
{[%clk 01:08:57]} {[%emt 00:19:42]} 15. Qc1 {[%clk 01:10:20]} {[%emt 00:14:19]}
Qb6 {[%clk 00:56:10]} {[%emt 00:13:17]} 16. e5 {[%clk 01:01:45]} {[%emt
00:09:06]} Re8 {[%clk 00:42:04]} {[%emt 00:14:35]} 17. Qf4 {[%clk 00:49:41]}
{[%emt 00:12:34]} Bb7 {[%clk 00:38:11]} {[%emt 00:04:22]} 18. Rae1 {[%clk
00:39:47]} {[%emt 00:10:26]} Nd4 {[%clk 00:35:51]} {[%emt 00:02:49]} 19. Nxd4
{[%clk 00:37:02]} {[%emt 00:03:16]} cxd4 {[%clk 00:36:08]} {[%emt 00:00:13]} 20.
Bb3 {[%clk 00:27:42]} {[%emt 00:09:50]} dxc3 {[%clk 00:22:31]} {[%emt
00:14:08]} 21. Qxf7+ {[%clk 00:23:50]} {[%emt 00:04:21]} Kh8 {[%clk 00:22:53]}
{[%emt 00:00:08]} 22. Bxe7 {[%clk 00:22:32]} {[%emt 00:01:48]} Qc7 {[%clk
00:19:43]} {[%emt 00:03:41]} 23. Bf6 {[%clk 00:15:42]} {[%emt 00:07:19]} Qxf7
{[%clk 00:20:04]} {[%emt 00:00:10]} 24. Bxf7 {[%clk 00:16:06]} {[%emt
00:00:05]} Rf8 {[%clk 00:20:26]} {[%emt 00:00:08]} 25. Bxg7+ {[%clk 00:15:56]}
{[%emt 00:00:39]} Kxg7 {[%clk 00:20:50]} {[%emt 00:00:06]} 26. Bb3 {[%clk
00:11:24]} {[%emt 00:05:03]} cxb2 {[%clk 00:21:08]} {[%emt 00:00:12]} 27. Rb1
{[%clk 00:10:45]} {[%emt 00:01:08]} Rae8 {[%clk 00:13:18]} {[%emt 00:08:20]} 28.
f4 {[%clk 00:09:36]} {[%emt 00:01:39]} g5 {[%clk 00:13:27]} {[%emt 00:00:22]}
29. g3 {[%clk 00:08:48]} {[%emt 00:01:18]} Bc8 {[%clk 00:08:40]} {[%emt
00:05:17]} 30. h4 {[%clk 00:07:07]} {[%emt 00:02:10]} gxf4 {[%clk 00:08:55]}
{[%emt 00:00:15]} 31. gxf4 {[%clk 00:07:29]} {[%emt 00:00:08]} Rd8 {[%clk
00:08:39]} {[%emt 00:00:47]} 32. Rxb2 {[%clk 00:07:37]} {[%emt 00:00:22]} Bh3
{[%clk 00:06:24]} {[%emt 00:02:45]} 33. Rf3 {[%clk 00:07:09]} {[%emt 00:00:57]}
Bf5 {[%clk 00:06:24]} {[%emt 00:00:30]} 34. Rg3+ {[%clk 00:05:38]} {[%emt
00:02:00]} Kh6 {[%clk 00:06:43]} {[%emt 00:00:12]} 35. Re2 {[%clk 00:05:26]}
{[%emt 00:00:41]} Bg6 {[%clk 00:06:17]} {[%emt 00:00:58]} 36. Rf2 {[%clk
00:03:45]} {[%emt 00:02:09]} Rd4 {[%clk 00:06:34]} {[%emt 00:00:13]} 37. h5
{[%clk 00:03:15]} {[%emt 00:00:59]} Bxh5 {[%clk 00:05:02]} {[%emt 00:02:03]} 38.
f5 {[%clk 00:03:09]} {[%emt 00:00:36]} Re4 {[%clk 00:02:05]} {[%emt 00:03:27]}
39. e6 {[%clk 00:03:27]} {[%emt 00:00:11]} Re1+ {[%clk 00:01:44]} {[%emt
00:00:51]} 40. Kh2 {[%clk 00:03:25]} {[%emt 00:00:32]} Rf6 {[%clk 00:01:33]}
{[%emt 00:00:41]} 41. Kg2 {[%clk 00:20:04]} {[%emt 00:13:50]} Be8 {[%clk
00:27:44]} {[%emt 00:04:19]} 42. Bc2 {[%clk 00:15:01]} {[%emt 00:05:33]} Bc6+
{[%clk 00:27:40]} {[%emt 00:00:35]} 43. Kh3 {[%clk 00:15:14]} {[%emt 00:00:16]}
Kh5 {[%clk 00:12:04]} {[%emt 00:16:06]} 44. Rh2 {[%clk 00:14:19]} {[%emt
00:01:25]} b4 {[%clk 00:11:42]} {[%emt 00:00:53]} 45. Bd3 {[%clk 00:09:25]}
{[%emt 00:05:23]} Kh6 {[%clk 00:03:27]} {[%emt 00:08:47]} 46. Kg4+ {[%clk
00:06:06]} {[%emt 00:03:48]} Kg7 {[%clk 00:03:52]} {[%emt 00:00:05]} 47. Kf4+
{[%clk 00:06:14]} {[%emt 00:00:22]} Kf8 {[%clk 00:04:17]} {[%emt 00:00:05]} 48.
Kg5 {[%clk 00:06:21]} {[%emt 00:00:22]} 1-0

[Event "2020 Australian Chess Championship"]
[Site "Sydney, Australia"]
[Date "2020.01.07"]
[Round "6.2"]
[White "Ikeda, Junta"]
[Black "McClymont, Brodie"]
[Result "0-1"]
[WhiteElo "2438"]
[BlackElo "2421"]

1. d4 {[%clk 01:30:56]} {[%emt 00:00:03]} Nf6 {[%clk 01:30:54]} {[%emt
00:00:06]} 2. c4 {[%clk 01:31:22]} {[%emt 00:00:05]} g6 {[%clk 01:31:07]}
{[%emt 00:00:16]} 3. g3 {[%clk 01:31:43]} {[%emt 00:00:10]} Bg7 {[%clk
01:31:14]} {[%emt 00:00:22]} 4. Bg2 {[%clk 01:32:08]} {[%emt 00:00:05]} O-O
{[%clk 01:30:09]} {[%emt 00:01:35]} 5. Nf3 {[%clk 01:31:33]} {[%emt 00:01:05]}
d6 {[%clk 01:30:02]} {[%emt 00:00:37]} 6. O-O {[%clk 01:31:27]} {[%emt
00:00:37]} Nc6 {[%clk 01:29:47]} {[%emt 00:00:44]} 7. Nc3 {[%clk 01:31:39]}
{[%emt 00:00:19]} a6 {[%clk 01:30:05]} {[%emt 00:00:12]} 8. b3 {[%clk
01:31:29]} {[%emt 00:00:40]} Rb8 {[%clk 01:29:54]} {[%emt 00:00:40]} 9. d5
{[%clk 01:29:12]} {[%emt 00:02:48]} Na5 {[%clk 01:29:51]} {[%emt 00:00:33]} 10.
Bg5 {[%clk 01:29:08]} {[%emt 00:00:34]} h6 {[%clk 01:26:52]} {[%emt 00:03:28]}
11. Bd2 {[%clk 01:25:46]} {[%emt 00:03:53]} c5 {[%clk 01:27:09]} {[%emt
00:00:13]} 12. dxc6 {[%clk 01:25:11]} {[%emt 00:01:05]} Nxc6 {[%clk 01:27:24]}
{[%emt 00:00:15]} 13. Rc1 {[%clk 01:13:58]} {[%emt 00:11:43]} Bf5 {[%clk
01:09:40]} {[%emt 00:18:14]} 14. Nd5 {[%clk 01:09:00]} {[%emt 00:05:28]} e5
{[%clk 00:54:29]} {[%emt 00:15:41]} 15. Ne1 {[%clk 00:48:41]} {[%emt 00:20:50]}
Nxd5 {[%clk 00:37:59]} {[%emt 00:16:59]} 16. cxd5 {[%clk 00:48:36]} {[%emt
00:00:35]} Ne7 {[%clk 00:38:24]} {[%emt 00:00:05]} 17. e4 {[%clk 00:39:58]}
{[%emt 00:09:08]} Bd7 {[%clk 00:38:30]} {[%emt 00:00:24]} 18. Be3 {[%clk
00:35:41]} {[%emt 00:04:47]} f5 {[%clk 00:36:28]} {[%emt 00:02:32]} 19. f3
{[%clk 00:34:14]} {[%emt 00:01:58]} g5 {[%clk 00:32:51]} {[%emt 00:04:07]} 20.
Nd3 {[%clk 00:26:48]} {[%emt 00:07:56]} f4 {[%clk 00:30:53]} {[%emt 00:02:27]}
21. Bf2 {[%clk 00:24:37]} {[%emt 00:02:41]} Ng6 {[%clk 00:29:47]} {[%emt
00:01:36]} 22. g4 {[%clk 00:19:34]} {[%emt 00:05:33]} Rf7 {[%clk 00:27:53]}
{[%emt 00:02:24]} 23. Qd2 {[%clk 00:17:42]} {[%emt 00:02:23]} Bf8 {[%clk
00:24:42]} {[%emt 00:03:41]} 24. Rc2 {[%clk 00:14:24]} {[%emt 00:03:49]} h5
{[%clk 00:21:02]} {[%emt 00:04:09]} 25. h3 {[%clk 00:14:29]} {[%emt 00:00:25]}
hxg4 {[%clk 00:15:16]} {[%emt 00:06:16]} 26. hxg4 {[%clk 00:14:54]} {[%emt
00:00:05]} Be7 {[%clk 00:13:25]} {[%emt 00:02:21]} 27. Rfc1 {[%clk 00:09:39]}
{[%emt 00:05:45]} Qf8 {[%clk 00:12:51]} {[%emt 00:01:03]} 28. Ba7 {[%clk
00:06:57]} {[%emt 00:03:13]} Ra8 {[%clk 00:11:15]} {[%emt 00:02:06]} 29. Bb6
{[%clk 00:06:37]} {[%emt 00:00:50]} Rh7 {[%clk 00:09:06]} {[%emt 00:02:40]} 30.
Rc7 {[%clk 00:04:17]} {[%emt 00:02:51]} Bd8 {[%clk 00:09:06]} {[%emt 00:00:29]}
31. Rxb7 {[%clk 00:02:42]} {[%emt 00:02:05]} Bc8 {[%clk 00:09:16]} {[%emt
00:00:21]} 32. Bxd8 {[%clk 00:02:32]} {[%emt 00:00:40]} Bxb7 {[%clk 00:09:39]}
{[%emt 00:00:06]} 33. Bb6 {[%clk 00:00:56]} {[%emt 00:02:06]} Qh6 {[%clk
00:08:54]} {[%emt 00:01:16]} 34. Kf1 {[%clk 00:00:55]} {[%emt 00:00:32]} a5
{[%clk 00:08:36]} {[%emt 00:00:48]} 35. Ke1 {[%clk 00:00:35]} {[%emt 00:00:49]}
Qh2 {[%clk 00:07:10]} {[%emt 00:01:56]} 36. Bf1 {[%clk 00:00:34]} {[%emt
00:00:31]} Nh4 {[%clk 00:07:33]} {[%emt 00:00:07]} 37. Qf2 {[%clk 00:00:38]}
{[%emt 00:00:26]} Qh1 {[%clk 00:07:05]} {[%emt 00:00:58]} 38. Ke2 {[%clk
00:00:39]} {[%emt 00:00:30]} Ba6 {[%clk 00:06:55]} {[%emt 00:00:40]} 39. Rc3
{[%clk 00:00:33]} {[%emt 00:00:36]} Rb8 {[%clk 00:05:09]} {[%emt 00:02:16]} 40.
Bxa5 {[%clk 00:00:34]} {[%emt 00:00:29]} Nxf3 {[%clk 00:04:28]} {[%emt
00:01:10]} 41. Bg2 {[%clk 00:24:56]} {[%emt 00:06:08]} Nd4+ {[%clk 00:34:31]}
{[%emt 00:00:28]} 42. Kd2 {[%clk 00:24:40]} {[%emt 00:00:47]} Qb1 {[%clk
00:34:24]} {[%emt 00:00:36]} 43. Nc1 {[%clk 00:24:16]} {[%emt 00:00:54]} Rh2
{[%clk 00:33:58]} {[%emt 00:00:56]} 44. Ke1 {[%clk 00:24:21]} {[%emt 00:00:26]}
f3 {[%clk 00:33:59]} {[%emt 00:00:29]} 45. Qe3 {[%clk 00:24:20]} {[%emt
00:00:31]} Kh8 {[%clk 00:30:19]} {[%emt 00:04:09]} 46. Qxg5 {[%clk 00:19:43]}
{[%emt 00:05:08]} Rf8 {[%clk 00:25:31]} {[%emt 00:05:18]} 0-1

[Event "2020 Australian Chess Championship"]
[Site "Sydney, Australia"]
[Date "2020.01.07"]
[Round "6.3"]
[White "Clarke, Brandon G I"]
[Black "Hu, Jason"]
[Result "1-0"]
[WhiteElo "2438"]
[BlackElo "2159"]

1. e4 {[%clk 01:30:56]} {[%emt 00:00:03]} c6 {[%clk 01:30:44]} {[%emt
00:00:13]} 2. d4 {[%clk 01:31:20]} {[%emt 00:00:10]} d5 {[%clk 01:31:09]}
{[%emt 00:00:04]} 3. e5 {[%clk 01:31:44]} {[%emt 00:00:06]} Bf5 {[%clk
01:31:33]} {[%emt 00:00:06]} 4. Nf3 {[%clk 01:32:09]} {[%emt 00:00:05]} e6
{[%clk 01:31:57]} {[%emt 00:00:05]} 5. Be2 {[%clk 01:32:33]} {[%emt 00:00:05]}
c5 {[%clk 01:31:32]} {[%emt 00:00:56]} 6. Be3 {[%clk 01:32:53]} {[%emt
00:00:10]} Qb6 {[%clk 01:31:31]} {[%emt 00:00:31]} 7. Nc3 {[%clk 01:32:55]}
{[%emt 00:00:28]} Nc6 {[%clk 01:31:11]} {[%emt 00:00:48]} 8. O-O {[%clk
01:33:17]} {[%emt 00:00:10]} c4 {[%clk 01:25:54]} {[%emt 00:05:47]} 9. Rb1
{[%clk 01:06:25]} {[%emt 00:27:22]} Bb4 {[%clk 01:14:27]} {[%emt 00:11:58]} 10.
a3 {[%clk 01:05:28]} {[%emt 00:01:28]} Bxc3 {[%clk 01:13:47]} {[%emt 00:01:09]}
11. bxc3 {[%clk 01:05:56]} {[%emt 00:00:02]} Qa6 {[%clk 01:11:51]} {[%emt
00:02:25]} 12. Nh4 {[%clk 01:05:53]} {[%emt 00:00:34]} Nge7 {[%clk 01:09:37]}
{[%emt 00:02:43]} 13. g4 {[%clk 01:05:51]} {[%emt 00:00:33]} Be4 {[%clk
01:08:19]} {[%emt 00:01:47]} 14. f3 {[%clk 01:05:59]} {[%emt 00:00:22]} Bg6
{[%clk 01:08:42]} {[%emt 00:00:05]} 15. f4 {[%clk 00:52:36]} {[%emt 00:13:54]}
Be4 {[%clk 00:59:04]} {[%emt 00:10:08]} 16. f5 {[%clk 00:53:04]} {[%emt
00:00:03]} Qxa3 {[%clk 00:51:46]} {[%emt 00:07:48]} 17. Qd2 {[%clk 00:51:55]}
{[%emt 00:01:39]} Qa6 {[%clk 00:48:20]} {[%emt 00:03:54]} 18. f6 {[%clk
00:43:02]} {[%emt 00:09:25]} gxf6 {[%clk 00:47:57]} {[%emt 00:00:53]} 19. Rxf6
{[%clk 00:43:16]} {[%emt 00:00:15]} Ng6 {[%clk 00:47:09]} {[%emt 00:01:18]} 20.
Nf3 {[%clk 00:42:42]} {[%emt 00:01:04]} Bxf3 {[%clk 00:42:49]} {[%emt
00:04:50]} 21. Bxf3 {[%clk 00:43:07]} {[%emt 00:00:04]} b5 {[%clk 00:40:50]}
{[%emt 00:02:29]} 22. Qf2 {[%clk 00:42:46]} {[%emt 00:00:50]} Qb7 {[%clk
00:40:15]} {[%emt 00:01:05]} 23. Rf1 {[%clk 00:39:14]} {[%emt 00:04:03]} Nd8
{[%clk 00:38:34]} {[%emt 00:02:11]} 24. Be2 {[%clk 00:34:24]} {[%emt 00:05:20]}
a5 {[%clk 00:37:04]} {[%emt 00:02:00]} 25. Bg5 {[%clk 00:32:43]} {[%emt
00:02:11]} Rf8 {[%clk 00:27:47]} {[%emt 00:09:47]} 26. h4 {[%clk 00:30:07]}
{[%emt 00:03:05]} b4 {[%clk 00:24:01]} {[%emt 00:04:16]} 27. h5 {[%clk
00:25:45]} {[%emt 00:04:52]} Ne7 {[%clk 00:12:16]} {[%emt 00:12:15]} 28. Bh6
{[%clk 00:25:54]} {[%emt 00:00:21]} Rg8 {[%clk 00:12:34]} {[%emt 00:00:12]} 29.
Rxf7 {[%clk 00:25:28]} {[%emt 00:00:57]} Nxf7 {[%clk 00:12:58]} {[%emt
00:00:06]} 30. Qxf7+ {[%clk 00:25:53]} {[%emt 00:00:04]} Kd7 {[%clk 00:13:22]}
{[%emt 00:00:07]} 31. g5 {[%clk 00:23:58]} {[%emt 00:02:25]} bxc3 {[%clk
00:13:11]} {[%emt 00:00:41]} 32. Bg4 {[%clk 00:22:34]} {[%emt 00:01:53]} Qb6
{[%clk 00:13:35]} {[%emt 00:00:06]} 33. Kh2 {[%clk 00:22:13]} {[%emt 00:00:50]}
Rac8 {[%clk 00:09:06]} {[%emt 00:05:00]} 34. g6 {[%clk 00:11:33]} {[%emt
00:11:10]} hxg6 {[%clk 00:09:02]} {[%emt 00:00:33]} 35. Bg5 {[%clk 00:11:44]}
{[%emt 00:00:19]} Rge8 {[%emt 00:01:29]} 36. h6 {[%emt 00:01:43]} Rc6 {[%clk
00:06:43]} {[%emt 00:00:10]} 37. h7 {[%clk 00:13:07]} {[%emt 00:03:32]} Qd8 38.
Rf6 {[%emt 00:02:19]} Kc7 {[%emt 00:01:00]} 39. Rxg6 {[%clk 00:11:23]} {[%emt
00:01:17]} Kb6 40. Rg7 {[%emt 00:02:44]} Rc7 {[%emt 00:00:44]} 41. Qxe6+ {[%emt
00:16:03]} Rc6 {[%emt 00:00:49]} 42. Bxe7 {[%emt 00:01:13]} Rxe7 {[%emt
00:00:06]} 43. Qxe7 {[%clk 00:41:36]} {[%emt 00:00:07]} Qxe7 44. Rxe7 {[%clk
00:42:03]} {[%emt 00:00:28]} Rh6+ 45. Kg3 {[%emt 00:02:50]} 1-0

[Event "2020 Australian Chess Championship"]
[Site "Sydney, Australia"]
[Date "2020.01.07"]
[Round "6.5"]
[White "Puccini, Jack"]
[Black "O`Chee, Kevin"]
[Result "1-0"]
[WhiteElo "2265"]
[BlackElo "2156"]

1. e4 {[%clk 01:27:53]} {[%emt 00:03:06]} c5 {[%clk 01:30:52]} {[%emt
00:00:09]} 2. Nf3 {[%clk 01:28:12]} {[%emt 00:00:12]} e6 {[%clk 01:31:16]}
{[%emt 00:00:05]} 3. d4 {[%clk 01:28:33]} {[%emt 00:00:10]} cxd4 {[%clk
01:31:41]} {[%emt 00:00:05]} 4. c3 {[%clk 01:28:49]} {[%emt 00:00:13]} dxc3
{[%clk 01:29:56]} {[%emt 00:02:16]} 5. Nxc3 {[%clk 01:29:13]} {[%emt 00:00:06]}
Nc6 {[%clk 01:29:53]} {[%emt 00:00:32]} 6. Bc4 {[%clk 01:29:38]} {[%emt
00:00:05]} a6 {[%clk 01:28:46]} {[%emt 00:01:37]} 7. O-O {[%clk 01:30:01]}
{[%emt 00:00:06]} Nge7 {[%clk 01:27:51]} {[%emt 00:01:25]} 8. Bg5 {[%clk
01:26:54]} {[%emt 00:03:39]} Qc7 {[%clk 01:26:31]} {[%emt 00:01:50]} 9. Nd5
{[%clk 01:08:44]} {[%emt 00:18:40]} exd5 {[%clk 01:15:52]} {[%emt 00:11:08]} 10.
exd5 {[%clk 01:09:08]} {[%emt 00:00:06]} Ne5 {[%clk 01:15:18]} {[%emt
00:01:04]} 11. d6 {[%clk 00:59:53]} {[%emt 00:09:46]} Nxf3+ {[%clk 01:10:48]}
{[%emt 00:05:00]} 12. Qxf3 {[%clk 00:59:38]} {[%emt 00:00:44]} Qxc4 {[%clk
01:05:50]} {[%emt 00:05:28]} 13. dxe7 {[%clk 00:53:47]} {[%emt 00:06:21]} Bxe7
{[%clk 01:06:04]} {[%emt 00:00:16]} 14. Rac1 {[%clk 00:42:15]} {[%emt
00:12:02]} Qxa2 {[%clk 00:53:20]} {[%emt 00:13:13]} 15. Bxe7 {[%clk 00:36:52]}
{[%emt 00:05:54]} Kxe7 {[%clk 00:52:17]} {[%emt 00:01:33]} 16. Rfe1+ {[%clk
00:33:44]} {[%emt 00:03:39]} Kf8 {[%clk 00:42:24]} {[%emt 00:10:23]} 17. Qc3
{[%clk 00:31:33]} {[%emt 00:02:41]} f6 {[%clk 00:35:52]} {[%emt 00:07:03]} 18.
Qb4+ {[%clk 00:29:39]} {[%emt 00:02:24]} d6 {[%clk 00:28:16]} {[%emt 00:08:06]}
19. Qxd6+ {[%clk 00:29:57]} {[%emt 00:00:12]} Kf7 {[%clk 00:28:40]} {[%emt
00:00:06]} 20. Rc7+ {[%clk 00:25:08]} {[%emt 00:05:19]} Kg6 {[%clk 00:29:00]}
{[%emt 00:00:11]} 21. Qg3+ {[%clk 00:25:06]} {[%emt 00:00:31]} Kh5 {[%clk
00:28:43]} {[%emt 00:00:46]} 22. Qxg7 {[%clk 00:25:12]} {[%emt 00:00:25]} Qa5
{[%clk 00:19:15]} {[%emt 00:09:58]} 23. Qf7+ {[%clk 00:21:15]} {[%emt
00:04:27]} Kg5 {[%clk 00:14:58]} {[%emt 00:04:47]} 24. h4+ {[%clk 00:21:16]}
{[%emt 00:00:29]} Kxh4 {[%clk 00:14:12]} {[%emt 00:01:16]} 25. Qxf6+ {[%clk
00:20:26]} {[%emt 00:01:20]} Qg5 {[%clk 00:14:30]} {[%emt 00:00:13]} 26. Re4+
{[%clk 00:20:06]} {[%emt 00:00:50]} Bg4 {[%clk 00:14:00]} {[%emt 00:01:00]} 27.
Rxg4+ {[%clk 00:20:23]} {[%emt 00:00:12]} Kxg4 {[%clk 00:14:10]} {[%emt
00:00:20]} 28. Qf3+ {[%clk 00:20:46]} {[%emt 00:00:07]} 1-0

[Event "2020 Australian Chess Championship"]
[Site "Sydney, Australia"]
[Date "2020.01.07"]
[Round "6.6"]
[White "Solomon, Stephen J"]
[Black "Nakauchi, Gene"]
[Result "1-0"]
[WhiteElo "2319"]
[BlackElo "2150"]

1. e4 {[%clk 01:30:52]} {[%emt 00:00:03]} c5 {[%clk 01:30:54]} {[%emt
00:00:10]} 2. Nf3 {[%clk 01:31:10]} {[%emt 00:00:13]} e6 {[%clk 01:31:17]}
{[%emt 00:00:06]} 3. d4 {[%clk 01:31:35]} {[%emt 00:00:05]} cxd4 {[%clk
01:31:42]} {[%emt 00:00:05]} 4. Nxd4 {[%clk 01:31:52]} {[%emt 00:00:09]} a6
{[%clk 01:32:05]} {[%emt 00:00:12]} 5. Nc3 {[%clk 01:32:16]} {[%emt 00:00:06]}
b5 {[%clk 01:31:46]} {[%emt 00:00:49]} 6. Bd3 {[%clk 01:32:34]} {[%emt
00:00:12]} Qb6 {[%clk 01:31:57]} {[%emt 00:00:20]} 7. Nb3 {[%clk 01:32:56]}
{[%emt 00:00:08]} Qc7 {[%clk 01:32:14]} {[%emt 00:00:12]} 8. O-O {[%clk
01:33:13]} {[%emt 00:00:13]} Bb7 {[%clk 01:31:36]} {[%emt 00:01:08]} 9. f4
{[%clk 01:33:30]} {[%emt 00:00:13]} b4 {[%clk 01:31:10]} {[%emt 00:00:56]} 10.
Ne2 {[%clk 01:33:51]} {[%emt 00:00:09]} h5 {[%clk 01:22:11]} {[%emt 00:09:29]}
11. c3 {[%clk 01:29:11]} {[%emt 00:05:11]} Nf6 {[%clk 01:14:03]} {[%emt
00:08:38]} 12. e5 {[%clk 01:22:45]} {[%emt 00:06:57]} Ng4 {[%clk 01:12:26]}
{[%emt 00:02:07]} 13. h3 {[%clk 01:22:12]} {[%emt 00:01:04]} bxc3 {[%clk
00:53:44]} {[%emt 00:19:12]} 14. hxg4 {[%clk 01:15:57]} {[%emt 00:06:44]} hxg4
{[%clk 00:53:55]} {[%emt 00:00:18]} 15. Ned4 {[%clk 01:15:40]} {[%emt
00:00:47]} a5 {[%clk 00:51:06]} {[%emt 00:03:19]} 16. Qxg4 {[%clk 01:08:00]}
{[%emt 00:08:11]} cxb2 {[%clk 00:37:13]} {[%emt 00:14:23]} 17. Bxb2 {[%clk
01:07:38]} {[%emt 00:00:52]} Qb6 {[%clk 00:37:17]} {[%emt 00:00:24]} 18. f5
{[%clk 00:50:00]} {[%emt 00:18:09]} Nc6 {[%clk 00:31:44]} {[%emt 00:06:03]} 19.
fxe6 {[%clk 00:49:29]} {[%emt 00:01:01]} dxe6 {[%clk 00:31:50]} {[%emt
00:00:23]} 20. Rxf7 {[%clk 00:49:02]} {[%emt 00:00:59]} O-O-O {[%clk 00:29:41]}
{[%emt 00:02:38]} 21. Rc1 {[%clk 00:45:55]} {[%emt 00:03:36]} Kb8 {[%clk
00:24:13]} {[%emt 00:05:58]} 22. Rxb7+ {[%clk 00:45:20]} {[%emt 00:01:06]} Kxb7
{[%clk 00:24:33]} {[%emt 00:00:10]} 23. Rxc6 {[%clk 00:45:19]} {[%emt
00:00:31]} Qb4 {[%clk 00:23:03]} {[%emt 00:02:00]} 24. Bc3 {[%clk 00:44:29]}
{[%emt 00:01:20]} Qa3 {[%clk 00:23:06]} {[%emt 00:00:26]} 25. Qxe6 {[%clk
00:42:19]} {[%emt 00:02:41]} Rh6 {[%clk 00:22:12]} {[%emt 00:01:23]} 26. Rb6+
{[%clk 00:42:33]} {[%emt 00:00:17]} Ka8 {[%clk 00:22:24]} {[%emt 00:00:18]} 27.
Be4+ {[%emt 00:00:28]} 1-0